000 00763cam a2200181 4500
001 WS114288
008 010822n 000 0 eng u
035 _a(Sirsi) u114288
110 _aInternational Institute for Real Estate Finance
_94121
245 _aSocietas : International Institute for Real Estate Finance
520 _aWeb site which describes itself as 'the global knowledge centre for mortgage finance'. Includes links to abstracts from key journals and to the 'International Journal of Real Estate Finance'.
650 _aINTERNATIONAL
650 _aORGANISATIONS
650 _aMORTGAGES
690 _aFINANCE
856 4 0 _uhttps://www.societasinternational.org
_zView the website free of charge at www.societasinternational.org...
942 _n0
999 _c119863
_d119863